000 00599nam a22002057a 4500
999 _c17166
_d17166
003 AR-CdUCM
008 190507b ||||| |||| 00| 0 spa d
040 _aMUNICIPALIDAD PROVINCIAL DEL CUSCO
_cBIBLIOTECA MUNICIPAL DEL CUSCO
082 _a190 /
_bR85
100 _aRotman, Rodolfo B
_937029
245 _aOrtega y el Petardismo /
260 _aBuenos Aires :
_bAmericana,
_c1959.
300 _a185 paginas ;
_c20 cm.
500 _aHistoria y filosofia
650 _aHistoria
_9136
650 _aFilosofia
_9395
650 _aLiteratura
_983
942 _2ddc
_cLIBROS
945 _apjha
_d2019-05-07